Dietaris de la Generalitat de Catalunya / director de l'obra: Josep M. Sans i Travé Josep M. Sans i Travé
ISBN:
84-393-3148-7
Descripción Física:
10 v. ; 30 cm
Otros Autores:
Sans i Travé, Josep Maria, 1947-
MARC
| LEADER | 00000nam a2200000Ia 4500 | ||
|---|---|---|---|
| 001 | 10757, 10758, 11951, 21999, 22000, 22001, 22002, 22003, 22004, 22005 | ||
| 008 | 160829s1994 - xx 000 0 cat d | ||
| 020 | |a 84-393-3148-7 (o.c.), 84-393-3149-5 (v.1), 84-393-3212-2 (v.2), 84-393-3964-x (v.3), 84-393-4429-5 (v.4), 84-393-4837-1 (v.5); 84-393-5057-0 (v.6); 84-393-5745-1 (v.7); 84-393-6239-0 (v.8); 84-393-6923-9 (v.9); 978-84-393-7480-0 (v.10) | ||
| 080 | |a H-1-14, H-1-15, H-1-16, H-3-88, H-3-89, H-3-90, H-3-91, H-3-92, H-3-93, H-3-94 | ||
| 245 | |a Dietaris de la Generalitat de Catalunya / director de l'obra: |b Josep M. Sans i Travé | ||
| 260 | |a Barcelona : |b Generalitat de Catalunya. Departament de la Presidència, |c 1994 - | ||
| 300 | |a 10 v. ; |c 30 cm | ||
| 590 | |a Conté: v. 1: anys 1411 - 1539; v. 2: anys 1539 - 1578; v. 3: 1578 - 1611; v. 4: anys 1611 - 1623; v. 5: anys 1623 - 1644; v. 6: anys 1644 - 1656; v. 7: anys 1656 - 1674; v. 8: anys 1674 - 1689; v. 9: anys 1689 - 1701; v. 10: anys 1701 - 1713 | ||
| 650 | |a Catalunya. Generalitat |x Història |x Fonts |9 39437 | ||
| 700 | 1 | |a Sans i Travé, Josep Maria, |d 1947- |e director editorial |9 22702 | |
| 710 | |a Catalunya. |b Departament de la Presidència |9 10777 | ||
| 901 | |a Arxiu | ||
| 942 | |n 1 |2 udc | ||
| 952 | |0 0 |1 0 |4 0 |6 H114_H115_H116_H388_H389_H390_H391_H392_H393_H394 |7 1 |9 49009 |a Arxiu |b Arxiu |d 2016-12-01 |l 0 |o H-1-14, H-1-15, H-1-16, H-3-88, H-3-89, H-3-90, H-3-91, H-3-92, H-3-93, H-3-94 |p 10757, 10758, 11951, |r 2016-12-01 00:00:00 |w 2016-12-01 |y ARXIU | ||
| 999 | |c 52844 |d 52844 | ||